00677 2200241 4500001002100000005001500021035002000036007000300056008004100059020002200100082001000122084001600132100002000148245006500168250001600233260003900249300006200288650002500350700001200375504002600387990001100413990001100424INLIS00000000000314520190207095928 a0010-0219000087ta190207 g 0 ind  a978-602-6323-50-7 a302.3 a302.3 IGR a0 aIGREA, Siswanto1 aAwas Bahaya Pedofilia /cIgrea Siswanto; penyunting, Juliana aed.1, cet.2 aDepok :bKhalifah Mediatama,c2018 av, 29 hlm. :bilus. ;c28 cm.-- Seri Pembentukan Karakter aSOSIOLOGI. FEDOFILIA0 aJULIANA aBibliografi : hlm. 29 a6448 a a6448 b